The doctrine of the Bhagavad Gita. (Record no. 81575)

MARC details
000 -LEADER
fixed length control field 00749cam a22002411 4500
001 - CONTROL NUMBER
control field sa 68006858
003 - CONTROL NUMBER IDENTIFIER
control field DLC
005 - DATE AND TIME OF LATEST TRANSACTION
control field 20260227112519.0
008 - FIXED-LENGTH DATA ELEMENTS--GENERAL INFORMATION
fixed length control field 710915r19661923ii 00000 eng
010 ## - LIBRARY OF CONGRESS CONTROL NUMBER
LC control number sa 68006858 //r85
025 ## - OVERSEAS ACQUISITION NUMBER
Overseas acquisition number PL480:I-E-9266
041 0# - LANGUAGE CODE
Language code of text/sound track or separate title engsan
050 0# - LIBRARY OF CONGRESS CALL NUMBER
Classification number BL1130
Item number .S45
082 ## - DEWEY DECIMAL CLASSIFICATION NUMBER
Classification number 294.5/924
100 10 - MAIN ENTRY--PERSONAL NAME
Personal name Shankar, Bhavani,
Dates associated with a name 1859-1936.
245 14 - TITLE STATEMENT
Title The doctrine of the Bhagavad Gita.
260 0# - PUBLICATION, DISTRIBUTION, ETC.
Place of publication, distribution, etc. Bombay,
Name of publisher, distributor, etc. Popular Prakashan
Date of publication, distribution, etc. [1966]
300 ## - PHYSICAL DESCRIPTION
Extent xi, 148 p.
Dimensions 18 cm.
350 ## - PRICE (NR) (BK AM CF MU VM SE) [OBSOLETE]
Price Rs3.50
500 ## - GENERAL NOTE
General note Reprint of Lectures on Bhagavad Gita, first published in 1923, and The Doctrine of the Bhagavad Gita, first published in 1928.
500 ## - GENERAL NOTE
General note Includes passages in Sanskrit.
630 00 - SUBJECT ADDED ENTRY--UNIFORM TITLE
Uniform title Bhagavadgītā.

No items available.

Powered by Koha